[Event "COL-ch Amateur"]
[Site "Medellin Antioquia"]
[Date "2016.03.09"]
[Round "9"]
[White "Lopez, Carlos Alberto"]
[Black "Castrillon, Carlos Andres"]
[Result "0-1"]
[WhiteElo "1698"]
[BlackElo "1665"]
[PlyCount "86"]
[EventDate "2016.02.29"]
[EventType "swiss"]
[EventRounds "9"]
[EventCountry "COL"]
[SourceTitle "EXT 2020"]
[Source "ChessBase"]
[SourceDate "2019.10.17"]
[SourceVersion "1"]
[SourceVersionDate "2019.10.17"]
[SourceQuality "1"]

1. d4 d5 2. Nf3 e6 3. g3 Nf6 4. Bg2 Bd6 5. 0-0 Nbd7 6. Re1 0-0 7. Nbd2 b6 8. e4 dxe4 9. Nxe4 Nxe4 10. Rxe4 Bb7 11. Re1 Nf6 12. a3 c5 13. dxc5 Bxc5 14. Be3 Rc8 15. Bxc5 Rxc5 16. c3 Qc7 17. Qe2 Rd8 18. Rad1 Rxd1 19. Rxd1 h6 20. Rd2 g6 21. Qd1 Kg7 22. Rd4 Rd5 23. Rxd5 Bxd5 24. Qd4 Qc5 25. Qxc5 bxc5 26. Ne5 Bxg2 27. Kxg2 Nd5 28. Kf3 Nb6 29. Nc6 Nc4 30. Nxa7 Nxb2 31. Nb5 f5 32. Nc7 Kf6 33. Na6 Na4 34. Ke3 Ke5 35. Kd3 Kd6 36. Kc4 e5 37. h4 g5 38. h5 e4 39. Kb3 Nb6 40. a4 g4 41. a5 Nd7 42. Kc4 f4 43. Kb3 e3 0-1

[Event "COL-ch Amateur"]
[Site "Medellin Antioquia"]
[Date "2016.02.29"]
[Round "2"]
[White "Galarza, Octavio"]
[Black "Castrillon, Carlos Andres"]
[Result "1/2-1/2"]
[WhiteElo "1588"]
[BlackElo "1665"]
[PlyCount "39"]
[EventDate "2016.02.29"]
[EventType "swiss"]
[EventRounds "9"]
[EventCountry "COL"]
[SourceTitle "EXT 2020"]
[Source "ChessBase"]
[SourceDate "2019.10.17"]
[SourceVersion "1"]
[SourceVersionDate "2019.10.17"]
[SourceQuality "1"]

1. e4 e5 2. Nf3 Nc6 3. Bb5 Nf6 4. 0-0 d6 5. d4 exd4 6. Bxc6+ bxc6 7. Qxd4 Be7 8. Nbd2 0-0 9. b3 Nh5 10. e5 dxe5 11. Qxd8 Rxd8 12. Nxe5 Bf6 13. Ndc4 Ba6 14. Bb2 Nf4 15. Rfe1 Bxc4 16. Nxc4 Bxb2 17. Nxb2 Rd2 18. Re4 Rxc2 19. Rxf4 Rxb2 20. Rc4 1/2-1/2

[Event "Medellin Cuartas Memorial B"]
[Site "Medellin"]
[Date "2011.08.03"]
[Round "1.48"]
[White "Castrillon, Carlos Andres"]
[Black "Bracho Mendoza, Ana Isabel"]
[Result "1/2-1/2"]
[WhiteElo "1654"]
[BlackElo "1569"]
[PlyCount "40"]
[EventDate "2011.08.03"]
[EventType "swiss"]
[EventRounds "8"]
[EventCountry "COL"]
[SourceTitle "EXT 2024"]
[Source "ChessBase"]
[SourceDate "2023.10.10"]
[SourceVersion "1"]
[SourceVersionDate "2023.10.10"]
[SourceQuality "1"]

1. e4 e5 2. Nf3 Nc6 3. Bc4 Nf6 4. Ng5 d5 5. exd5 Nxd5 6. Qf3 Qxg5 7. Bxd5 Qf6 8. Qxf6 gxf6 9. Bxc6+ bxc6 10. d3 Bf5 11. Nc3 Rg8 12. g3 Bd6 13. Be3 Ke7 14. Ke2 h5 15. Ne4 a6 16. c4 Ke6 17. c5 Bxe4 18. dxe4 Be7 19. b4 Rgd8 20. Rhd1 f5 1/2-1/2